000 00312nam a22001337a 4500
008 181203b xxu||||| |||| 00| 0 eng d
020 _a9780314774606
041 _aeng
080 _a004
100 _a37
101 _aSHK
245 _aCpncepts In data Structures Development
_cBruell.S.C
942 _2udc
_cBK
999 _c52695
_d52695